History Quiz

Random History or Nation Quiz
Score 0/15 Timer 07:00
0 Plays Today
Question Answer Wrong Answers
Brazil, Germany and Italy are the top three countries all-time for number of ________ Soccer World Cup trophies
93.2%
McDonald's restaurants
1.3%
Women in space
0.7%
Nobel Peace Prizes
2.9%
In 1961 the Soviet Union and then the United States did so, but it wasn't until 2003 that this country became the third to send its own manned spacecraft into space. China
80.2%
Germany
3.3%
France
5.8%
Japan
10.5%
The famous books “A Farewell to Arms”, “The Guns of August”, and “All Quiet on the Western Front” are about, or based on, which international conflict? World War I
79.1%
Crimean War
2.5%
World War II
12%
American Revolutionary War
5.8%
Although 26 countries have won the Academy Award for Best Foreign Language Film, Italy has garnered the most. Their 14 wins far surpasses all countries except this one, which runs a close second with 12. France
76.6%
Sweden
9.8%
Spain
10.2%
Hungary
1.8%
Surprisingly to many, Nigeria has far more world top-100 ranked players than any other country in this international competition, often owing to their proficiency with short words during events. Scrabble
68.9%
Hangman
7.6%
Crossword
7.4%
Word Search
7.8%
Nordic nations typically do well in the Winter Olympic Games. Which of these has won the most medals all-time at this competition? Norway
67.2%
Denmark
3%
Sweden
17.2%
Finland
5%
Which of the following became the first permanent and independent country to grant women the right to vote nationally, in 1893? New Zealand
63.6%
Canada
9.2%
Finland
14.8%
Australia
8.7%
At the start of the Great Western Schism (c. 1379), France & Scotland were among nations supporting the papal claim of Clement VII; while England, Portugal, and others supported that of Urban VI. Which two locations were their respective residences? Avignon and Rome
56.8%
Avignon and Florence
11.5%
Aquitaine and Rome
16.9%
Aquitaine and Florence
8.6%
The UK, France, and the US top the United Nations' list of countries having the most non-self-governing territories. Which of these is governed by a country other than those? Faroe Islands
55.3%
Guam
11.7%
Cayman Islands
13.1%
New Caledonia
17%
The nuclear arms race during the “Cold War” between the US and the USSR eventually included the development of the Hydrogen Bomb. In which decade did these two nations conduct their first successful tests of this weapon? 1950s
43.3%
1940s
25.9%
1960s
18%
1970s
5.5%
European expansion in the Age of Discovery of the 15th & 16th centuries was spearheaded by Spain and Portugal. Which of these four famous explorers is Spanish? Vasco Núñez de Balboa
39.3%
Bartholomeu Dias
19%
Fernão de Magalhães
7.8%
Vasco da Gama
25.9%
Which of these four cars or trucks (which may have gone through various name variations along the way) leads the world in all-time international automobile sales? Toyota Corolla (Japan)
37.3%
Volkswagen Beetle (Germany)
31.8%
AvtoVAZ Lada (Russia)
3.7%
Ford F- Series (US)
22.1%
Since the mid-19th century, International World’s Fairs and “Expos” have showcased countries’ industry, arts and culture; inherently resulting in technological and design one-upmanship. Which two cities have hosted them the most? Paris and Brussels
33.6%
New York and Barcelona
10%
Vienna and Tokyo
5.6%
London and Chicago
43.9%
In 1911 Roald Amundsen of Norway led the first expedition to the geographical South Pole. How much sooner did they arrive there than a British party led by Robert Falcon Scott? Five weeks
29.4%
Five days
48.8%
Four months
11.3%
Four years
6%
The race to construct the world’s tallest building may never cease. The tallest building as of 2018, the Burj Khalifa in Dubai, surpassed the previous tallest one (the Taipei 101) by approximately what percent? 63%
6.8%
Only .5%
45.6%
48%
9.7%
19%
29.4%
Remove Ads.
Support Sporcle.
Get the best of Sporcle when you Go Orange. This ad-free experience offers more features, more stats, and more fun while also helping to support Sporcle. Thank you for becoming a member.

You're not logged in!

Compare scores with friends on all Sporcle quizzes.
OR
Log In

Show Comments

Extras

Top Quizzes Today


Score Distribution

Your Account Isn't Verified!

In order to create a playlist on Sporcle, you need to verify the email address you used during registration. Go to your Sporcle Settings to finish the process.

Report this User

Report this user for behavior that violates our Community Guidelines.

Details: